La sorpresa de nandi /

Guardado en:
Autor Principal: Browne, Eileen
Otros Autores: Silva-díaz, María Cecilia; trad.
Formato: Libro
Publicado: Buenos Aires : Calibroscopio, 2013
Materias:
Etiquetas: Agregar Etiqueta
Sin Etiquetas, Sea el primero en etiquetar este registro!
LEADER 00811nam a22002535a 4500
001 CEM.cems015570
005 20191213173237.0
008 130507s2013##################000#0#####d
003 CEMS
020 |a 9789871801282 
082 0 4 |a 823.9 
100 1 |a Browne, Eileen 
245 1 0 |a La sorpresa de nandi /  |c Eileen Browne ; traducido Por María Cecilia Silva-díaz 
260 |a Buenos Aires :  |b Calibroscopio,  |c 2013 
300 |a 28 p. 
500 |a Título original: Handa´s Surprise 
653 |a Literatura 
653 |a Literatura inglesa 
653 |a Literatura infantil 
653 |a Cuentos infantiles 
653 |a Colección ciencias de la educación 
653 |a Libro Álbum 
700 1 |a Silva-díaz, María Cecilia; trad. 
859 |a CEMS  |b BIB. CEMS - Ccias. Educacion  |h 823.9  |i B685-4  |k CE  |p 29013.19  |t Ej.1